Oceania Capitals Quiz - Statistics

General Stats
  • This quiz has been taken 16 times
    6 since last reset
  • The average score is 10 of 14
Answer Stats
Hint Answer % Correct
Australia Canberra
100%
Palau Ngerulmud
100%
Tonga Nuku'alofa
100%
Fiji Suva
100%
New Zealand Wellington
100%
Tuvalu Funafuti
75%
Solomon Islands Honiara
75%
Papua New Guinea Port Moresby
75%
Samoa Apia
50%
Marshall Islands Majuro
50%
Micronesia Palikir
50%
Vanuatu Port Vila
50%
Kiribati Tarawa
50%
Nauru Yaren
50%
No matching quizzes found
Score Distribution
Percent of People with Each Score
Percentile by Number Answered
Your Score History
You have not taken this quiz since the last reset